1130 1318 1013 1081 1605 1527 1657 1417 1332 1709 1860 1444 1683 1260 1470 1451 1192 1001 1696 1406 1397 1944 1705 1711 1591 1830 1185 1900 1183 1955 1798 1254 1175 1196 1338 1172 1535 1789 1476 1277 1919 1518 1379 1973 1577 1216 1332 1365 1726 1378 1164 1798 1667 1940 1086 1211 1322 1110 1145 1265 1008 1097 1952 1848 1024 1741 1778 1888 1125 1588 1042 1218 1527 1067 1410 1395 1815 1760 1955 1444 1835 1167 1723 1056 1882 1060 1443 1289 1607 1643 1690 1436 1531 1270 1804 1465 1899 1250 1688 BCNSPRNW ULIB Ver.6.0+V

เปลี่ยนเป็นภาษาไทย

Change to English
 แสดงรายละเอียดบรรณานุกรม
  กลับหน้าหลัก

Brief Record : Get Marc (ISO 2709) : E-mail record : QR code < ปิดหน้าต่าง
LEADER : 00000nam 2200000uu 4500
001    13399110966
003     ULIB
008    110614s||||||||th 000 0 tha d
020    9789740600312
050  4 AC158^bค451ว 2551
100 1  ฮยอนมิน, คิม
245 10 วิทยาศาสตร์ฉลาดรู้ เรื่อง โลกของแมลง /^cคิมฮยอนมิน,เรื่องและภาพ ; อิงอร ศรีเกษ, แปล
250    พิมพ์ครั้งที่ 1
260    กรุงเทพฯ :^bอัมรินทร์คอมมิกส์,^c2551
300    197 หน้า :^bภาพประกอบ ;^c21 ซม.
440  0 ชุดวิทยาศาสตร์ฉลาดรู้ ;^vลำดับที่ 8
650  7 การ์ตูน
650  7 แมลง^xวรรณกรรมสำหรับเด็ก
650  7 วรรณกรรมเกาหลี
650  7 วรรณกรรมสำหรับเด็ก
700 0  อิงอร ศรีเกษ,^eผู้แปล
945    ^p199^l0^i024352
995    ทศพร
999 ^a ใช้งานได้ทุกระบบ
รายการนี้ยังไม่มีแท็ก
คุณยังไม่ได้ล็อกอิน คุณสามารถมีกิจกรรมร่วมกับเว็บไซต์ได้ แต่ต้องล็อกอินก่อน ::
  ล็อกอิน

รายการสื่อสารสนเทศ

ลำดับที่ ประเภท เลขเรียก/บาร์โค้ด สถานที่ สถานะ
- ไม่พบข้อมูล -

รายการใกล้เคียง
    ผู้แต่ง [ฮยอนมิน, คิม]

    หัวเรื่อง [การ์ตูน]
    หัวเรื่อง [วรรณกรรมเกาหลี]
    หัวเรื่อง [วรรณกรรมสำหรับเด็ก]

BibComment


ยังไม่เคยถูกคอมเมนท์

คอมเมนท์ทรัพยากรรายการนี้
  คอมเมนท์: วิทยาศาสตร์ฉลาดรู..


 Copyright 2026. Bcnsprnw @Library